Yeni Asır'ın İzmir yılları (Record no. 3762)

MARC details
000 -BAŞLIK
Sabit Uzunlukta Kontrol Alanı 00690na a2200241 4500
001 - KONTROL NUMARASI
Denetim Alanı 17516
003 - KONTROL NUMARASI IDENTIFIER
Denetim Alanı MIRAKIL
005 - SON İŞLEM TARİHİ VE ZAMANI
Denetim Alanı 20181213154942.0
008 - SABİT-BOY VERİ ELEMANLARI - GENEL BİLGİLER
Sabit Uzunlukta Kontrol Alanı 161025b tu 000 0
040 ## - KATALOGLAMA KAYNAK
Orijinal Kataloglama Ajansı Milas
Kataloglama Dili tur
Metne Dönüştürmek Ajansı TR-AnCHP
041 ## - DİL KODU
Metin / Ses Parça Veya Ayrı Başlığın Dil Kodu tur
082 ## - DEWEY ONLU SINIFLANDIRMA NUMARASI
Sınıflandırma Numarası 070.9
Ürün Numarası P26y [t.y.]
090 ## - SINIFLAMA NUMARASI
Sınıflama Numarası 070.9 P26y [t.y.]
100 ## - ANA GİRİŞ - KİŞİSEL İSİM
Kişisel Ad Parlak, Türkmen
245 ## - BAŞLIK TABLOSU
Başlık Yeni Asır'ın İzmir yılları
Sorumluluk Tablosu, Vb Türkmen Parlak
260 ## - YAYIN, DAĞITIM, VB
Yayın, Dağıtım, Vb Yeri İzmir
Yayıncı, Dağıtıcı, Vs Adı Yeni Asır
Yayın, Dağıtım, Vb Tarihi [t. y.]
300 ## - FİZİKSEL TANIM
Kapsam 6 c.
Diğer Fiziksel Ayrıntıları fotg.
Boyutlar 24 sm.
500 ## - GENEL NOT
Genel Not Kütüphanemizde 5.-6. ciltleri bulunmaktadır.
505 ## - BİÇİMLENDİRİLDİ İÇİNDEKİLER NOT
Biçimlendirilmiş İçeriği Dikkat c.5, c.6 1960-1964
610 ## - KONU KATMA GİRİŞ - TOPLANTI ADI
Giriş Elemanı Olarak Kurumsal Ad Veya Yargı Alanı Adı Yeni asır gazetesi
650 ## - KONU KATMA GİRİŞ - TOPİKAL DÖNEM
Topikal Süreli Veya Coğrafi Ad Giriş Elemanı Türk gazeteleri
Genel Alt Bölümü Tarih
Coğrafi Alt Bölümü Yunanistan
942 ## - EKLENDİ GİRİŞ ELEMANLARI (KOHA)
Sınıflandırma Veya Raf Düzeni Kaynak
Koha Öğesi Türü Books
999 ## - SİSTEM KONTROL NUMARALARI (KOHA)
Koha Biblionumber 3762
Koha Biblioitemnumber 3762
Holdings
Kalıcı Konum Mevcut Konum Edinme Tarihi Edinim Kaynak Toplam Check-Out'Lar Tam Çağrı Numarası Barkod Tarih Son Görülme İtibaren Geçerli Fiyatlar Koha Öğesi Türü Seri Numaralandırma / Kronolojik
CHP Kütüphanesi CHP Kütüphanesi 10/25/2016 Bağış   070.9 P26y [t.y.] 007715 10/25/2016 10/25/2016 Books  
CHP Kütüphanesi CHP Kütüphanesi 10/25/2016 Bağış   070.9 P26y [t.y.] 007716 10/25/2016 10/25/2016 Books c.5